000 00801cam a2200253 a 4500
001 38226
003 (BD-RjUL)
005 20211209052743.0
008 830412s1983 maua 001 0 eng
020 _a066904797X (pbk.)
035 _a(BD-RjUL)
040 _aDLC
_c(BD-RjUL)
_dDLC
082 0 0 _a005.133
_219
_bDAI 1983
100 1 _aDale, Nell B.
_9118202
245 1 0 _aIntroduction to PASCAL and structured design /
_cNell Dale, David Orshalick.
260 _aLexington, Mass. :
_bD.C. Heath,
_cc1983.
300 _axvii, various pagination:
_bill. (some col.) ;
_c24 cm.
500 _aIncludes index.
650 0 _aPascal (Computer program language)
_9118190
650 0 _aStructured programming.
_9118203
700 1 _aOrshalick, David.
_9118204
942 _2ddc
_cBK
999 _c38226
_d38226